| 000 | 00647cam a22002291 4500 | ||
|---|---|---|---|
| 001 | ne 68003295 | ||
| 003 | DLC | ||
| 005 | 20260227111846.0 | ||
| 008 | 890514s1912 xx 000 0 per | ||
| 010 | _ane 68003295 | ||
| 035 | _a(OCoLC)23546572 | ||
| 040 |
_aDLC _cMiU _dDLC |
||
| 042 | _apremarc | ||
| 050 | 0 | 0 |
_aBP193.5 _b.K5 |
| 100 | 2 |
_aKhurāsānī al-Qāʼīnī, Muḥammad Bāqir, _d1859-1934. |
|
| 245 | 1 | 0 | _aHādhā kitāb Kibrīt al-aḥmar fī sharāʼiṭ al-minbar. |
| 260 | _c[1912?] | ||
| 300 |
_a505, 5 p. _c25 cm. |
||
| 500 | _aRomanized. | ||
| 650 | 0 | _aShiites | |
| 740 | 0 | _aKibrīt al-aḥmar fī sharāʼiṭ al-minbar. | |
| 999 |
_c50745 _d50745 |
||